Biggest Cities in the Mississippi River Basin on a Map - Statistics

General Stats
  • This quiz has been taken 340 times
  • The average score is 30 of 34
Answers on the Map
Answers color-coded by a green-red scale on the quiz's map according to % correct below.
 
Answer Stats
Population City % Correct
2,721,308 Chicago
100%
516,032 Kansas City
99%
362,701 New Orleans
99%
712,919 Oklahoma City
99%
933,263 Columbus
98%
891,484 Indianapolis
98%
610,919 Memphis
98%
428,579 Minneapolis
98%
704,963 Nashville
98%
279,695 St. Louis
98%
729,019 Denver
97%
314,915 Cincinnati
96%
563,531 Milwaukee
96%
307,465 St. Paul
96%
307,668 Pittsburgh
95%
220,907 Baton Rouge
94%
213,096 Des Moines
94%
204,774 Little Rock
94%
640,796 Louisville
94%
489,265 Omaha
92%
493,554 Colorado Springs
91%
415,154 Tulsa
91%
285,300 Madison
90%
300,619 Lincoln
87%
209,289 Sioux Falls
87%
400,991 Wichita
85%
198,722 Knoxville
82%
329,437 Lexington
81%
203,729 Amarillo
78%
191,496 Chattanooga
74%
403,130 Aurora
72%
230,402 Huntsville
71%
202,893 Overland Park
52%
185,690 Clarksville
43%
No matching quizzes found
Score Distribution
Percent of People with Each Score
Percentile by Number Answered
Your Score History
You have not taken this quiz